[Event "Wch-U12"]
[Site "Batumi GEO"]
[Date "2016.10.27"]
[Round "8.23"]
[White "Batjargal, Erdenebat"]
[Black "Rodrigue-Lemieux, Shawn"]
[Result "1-0"]
[WhiteElo "1676"]
[BlackElo "2072"]
[PlyCount "57"]
[EventDate "2016.10.19"]
[EventType "swiss"]
[EventRounds "13"]
[EventCountry "GEO"]
[Source "Chess Mix"]

1. c4 b6 2. Nc3 Bb7 3. d4 e6 4. e4 Bb4 5. Bd3 f5 6. Qe2 Nf6 7. f3 fxe4 8. fxe4
Bxc3+ 9. bxc3 Nxe4 10. Nf3 Nf6 11. O-O O-O 12. Bg5 Qe8 13. Ne5 d6 14. Ng4 Nbd7
15. Rae1 Nxg4 16. Qxg4 Rxf1+ 17. Rxf1 Nf8 18. h4 Kh8 19. h5 Nd7 20. Re1 e5 21.
h6 gxh6 22. Bh4 Qg8 23. Qh3 Rf8 24. d5 Nc5 25. Bf5 Qf7 26. g4 h5 27. Rf1 hxg4
28. Bf6+ Kg8 29. Qxg4+ 1-0

[Event "Wch-U12"]
[Site "Batumi GEO"]
[Date "2016.10.28"]
[Round "9.31"]
[White "Rodrigue-Lemieux, Shawn"]
[Black "Nakahara, Kan"]
[Result "1-0"]
[WhiteElo "2072"]
[BlackElo "1712"]
[PlyCount "117"]
[EventDate "2016.10.19"]
[EventType "swiss"]
[EventRounds "13"]
[EventCountry "GEO"]
[Source "Chess Mix"]

1. e4 e6 2. d4 d5 3. Nd2 c5 4. Ngf3 cxd4 5. Nxd4 Nf6 6. exd5 Qxd5 7. Nb5 Na6 8.
Nc3 Qe5+ 9. Be2 Bb4 10. O-O O-O 11. Nc4 Qb8 12. Qd4 Bc5 13. Qh4 Bd7 14. Bg5 Nd5
15. Nxd5 exd5 16. Bd3 h6 17. Ne3 Nb4 18. Bf4 Qd8 19. Qg3 Nxd3 20. cxd3 Bc6 21.
Bxh6 Qf6 22. Bf4 Rfe8 23. Rab1 a5 24. Ng4 Qg6 25. Ne5 Qxg3 26. Bxg3 Bb5 27.
Rfd1 f6 28. Ng4 Bd4 29. Bf4 Re2 30. Be3 Bd7 31. Nh6+ Kh7 32. Bxd4 Kxh6 33. Rbc1
Bc6 34. Kf1 Re6 35. Be3+ Kg6 36. Bd4 Kf7 37. Rc5 Ke7 38. Re1 Rxe1+ 39. Kxe1 Kd6
40. Kd2 a4 41. a3 Rh8 42. h3 Rh4 43. Ke3 Rh5 44. Rc1 Rh8 45. Rh1 Ke6 46. h4 Kf5
47. Kf3 Re8 48. g4+ Kg6 49. h5+ Kh7 50. Rc1 Re6 51. Kg3 Re2 52. f4 Re6 53. Kf3
Re8 54. Kf2 Re6 55. Rg1 Re8 56. g5 Re7 57. Bc5 Rd7 58. Ke3 fxg5 59. Rxg5 1-0

[Event "Wch-U12"]
[Site "Batumi GEO"]
[Date "2016.10.29"]
[Round "10.24"]
[White "Papunidi, Matvey"]
[Black "Rodrigue-Lemieux, Shawn"]
[Result "0-1"]
[WhiteElo "1818"]
[BlackElo "2072"]
[PlyCount "66"]
[EventDate "2016.10.19"]
[EventType "swiss"]
[EventRounds "13"]
[EventCountry "GEO"]
[Source "Chess Mix"]

1. d4 g6 2. Nf3 Bg7 3. c3 d5 4. Bf4 Nf6 5. e3 O-O 6. h3 b6 7. Nbd2 Bb7 8. Ne5
Nbd7 9. Bh2 Nxe5 10. Bxe5 Nd7 11. Bxg7 Kxg7 12. f4 e5 13. Qf3 exd4 14. cxd4 c5
15. O-O-O c4 16. h4 Rc8 17. Nb1 Nf6 18. h5 Qe7 19. Nc3 b5 20. Nxb5 c3 21. Nxc3
Ne4 22. hxg6 fxg6 23. Kc2 Nxc3 24. bxc3 Qa3 25. e4 Qxa2+ 26. Kc1 Qb3 27. Rd3
dxe4 28. Qh3 h6 29. Rg3 Rf6 30. f5 Rfc6 31. f6+ Rxf6 32. c4 Rxf1+ 33. Rxf1
Rxc4+ 0-1

[Event "Wch-U12"]
[Site "Batumi GEO"]
[Date "2016.10.30"]
[Round "11.12"]
[White "Rodrigue-Lemieux, Shawn"]
[Black "Dhanush, Bharadwaj"]
[Result "1/2-1/2"]
[WhiteElo "2072"]
[BlackElo "2232"]
[PlyCount "89"]
[EventDate "2016.10.19"]
[EventType "swiss"]
[EventRounds "13"]
[EventCountry "GEO"]
[Source "Chess Mix"]

1. e4 c5 2. Nf3 d6 3. d4 cxd4 4. Qxd4 Nc6 5. Bb5 Bd7 6. Bxc6 Bxc6 7. Nc3 e5 8.
Qd3 h6 9. Be3 Nf6 10. O-O-O Be7 11. h3 Qd7 12. Nh4 b5 13. Nf5 b4 14. Nd5 Bxd5
15. exd5 e4 16. Qa6 O-O 17. g4 Rfc8 18. Bf4 Rd8 19. Qc4 a5 20. Rhg1 Rac8 21.
Qd4 Bf8 22. Bxh6 Qa4 23. Ne3 Nd7 24. Bg5 Re8 25. Kb1 Ne5 26. Qxe4 g6 27. Qg2
Bg7 28. f4 Nf3 29. Qxf3 Rxe3 30. Qf2 Rxh3 31. f5 Be5 32. Bc1 Qb5 33. Qf1 Qxf1
34. Rgxf1 Rc4 35. fxg6 fxg6 36. g5 Rh2 37. Rf3 Rcxc2 38. Rdf1 Bg7 39. Rf4 Rhg2
40. Re4 Rce2 41. Re1 Rxe1 42. Rxe1 Be5 43. Re4 Rg1 44. Kc2 Rg2+ 45. Kb1 $11
1/2-1/2

[Event "Varennes"]
[Site "Varennes CAN"]
[Date "2016.10.07"]
[Round "1.12"]
[White "Rodrigue-Lemieux, Shawn"]
[Black "Dube, Daniel"]
[Result "1-0"]
[WhiteElo "2110"]
[BlackElo "1835"]
[PlyCount "75"]
[EventDate "2016.10.07"]
[EventType "swiss"]
[EventRounds "5"]
[EventCountry "CAN"]

1. e4 g6 2. d4 Bg7 3. Be3 d6 4. Nc3 a6 5. a4 b6 6. Bc4 Bb7 7. Nf3 Nf6 8. e5
dxe5 9. dxe5 Qxd1+ 10. Rxd1 Ng4 11. e6 Bxc3+ 12. bxc3 f6 13. Bf4 Bxf3 14. gxf3
Ne5 15. Bxe5 fxe5 16. Ke2 Rf8 17. Rd3 Rf4 18. Rhd1 Kf8 19. Rd8+ Kg7 20. Bd5 c6
21. Bxc6 Nxc6 22. Rxa8 Rxa4 23. Rc8 Rc4 24. Kd3 Rc5 25. Ra8 Ra5 26. Rb1 b5 27.
Rc8 e4+ 28. Kxe4 Ra4+ 29. Kd5 Na5 30. Rb4 Ra1 31. Rf4 Rd1+ 32. Ke4 Re1+ 33. Kd5
Rd1+ 34. Rd4 Rh1 35. Re8 Rxh2 36. Rxe7+ Kf8 37. Kd6 Nb7+ 38. Rxb7 1-0

[Event "Varennes"]
[Site "Varennes CAN"]
[Date "2016.10.09"]
[Round "4.10"]
[White "Trahan, Daniel"]
[Black "Rodrigue-Lemieux, Shawn"]
[Result "1/2-1/2"]
[WhiteElo "2072"]
[BlackElo "2110"]
[PlyCount "114"]
[EventDate "2016.10.07"]
[EventType "swiss"]
[EventRounds "5"]
[EventCountry "CAN"]

1. d4 d5 2. c4 e6 3. Nc3 Nf6 4. cxd5 exd5 5. Bg5 Be7 6. e3 O-O 7. Bd3 Re8 8. h3
Nbd7 9. Nf3 Nf8 10. O-O Ne6 11. Bh4 g6 12. b4 Ng7 13. Qb3 c6 14. b5 Bf5 15.
Bxf5 Nxf5 16. Bxf6 Bxf6 17. bxc6 bxc6 18. Na4 Nd6 19. Nd2 Qe7 20. Qc2 Rac8 21.
Nc5 Nf5 22. Nf3 Nd6 23. Rab1 Nc4 24. Rb7 Rc7 25. Rxc7 Qxc7 26. Nd2 Bxd4 27.
exd4 Re2 28. Ncb3 Ne3 29. Qd3 Nxf1 30. Kxf1 Re8 31. Nf3 Qb6 32. Kg1 a5 33. Ne5
a4 34. Nc5 Rxe5 35. dxe5 Qxc5 36. Qe2 Qc1+ 37. Kh2 Qf4+ 38. Kg1 Qc1+ 39. Kh2
Qc4 40. Qb2 h5 41. e6 fxe6 42. Qf6 Qe4 43. Qd8+ Kf7 44. Qd7+ Kf6 45. Qxc6 Qe5+
46. g3 Qd4 47. Kg2 h4 48. gxh4 Qxh4 49. Qd6 Qe4+ 50. Kg1 Qf5 51. Qd8+ Ke5 52.
Qb8+ Ke4 53. Qb4+ d4 54. Qxa4 Qxh3 55. Qc6+ Kd3 56. Qb5+ Kc2 57. Qa4+ Kb2
1/2-1/2

[Event "Varennes"]
[Site "Varennes CAN"]
[Date "2016.10.09"]
[Round "5.8"]
[White "Rodrigue-Lemieux, Shawn"]
[Black "Forget, Luc"]
[Result "1-0"]
[WhiteElo "2110"]
[BlackElo "1882"]
[PlyCount "81"]
[EventDate "2016.10.07"]
[EventType "swiss"]
[EventRounds "5"]
[EventCountry "CAN"]

1. e4 e5 2. Nf3 d6 3. Bc4 Be7 4. h3 Be6 5. Bxe6 fxe6 6. d4 Nc6 7. dxe5 dxe5 8.
Be3 Qxd1+ 9. Kxd1 O-O-O+ 10. Nbd2 Nf6 11. Ng5 Rd7 12. Ke2 Nd8 13. Nc4 Bd6 14.
Bxa7 h6 15. Nf3 Nf7 16. Nfd2 Bb4 17. c3 Be7 18. a4 Ng5 19. f3 Nh5 20. Rhd1 Nf4+
21. Kf1 Rhd8 22. Be3 Rd3 23. Bxf4 exf4 24. Ke2 Nf7 25. Nb3 Rxd1 26. Rxd1 Rxd1
27. Kxd1 e5 28. Nc1 Kd7 29. Nd3 Ke6 30. Na5 Nd8 31. b4 b6 32. Nc4 Bd6 33. Kc2
Nc6 34. Kb3 Ne7 35. a5 Nc8 36. Ka4 bxa5 37. Kxa5 c6 38. Ka6 Bc7 39. Kb7 Nd6+
40. Nxd6 Kxd6 41. Nxe5 1-0

[Event "RA Fall op"]
[Site "Ottawa CAN"]
[Date "2016.09.21"]
[Round "1"]
[White "Rodrigue-Lemieux, Shawn"]
[Black "Abbas, Talal"]
[Result "1-0"]
[WhiteElo "1753"]
[BlackElo "2002"]
[PlyCount "83"]
[EventDate "2016.09.21"]
[EventType "swiss"]
[EventRounds "5"]
[EventCountry "CAN"]

1. e4 e5 2. Nf3 Nc6 3. Bc4 Bc5 4. c3 Nf6 5. d3 d6 6. h3 h6 7. O-O Bb6 8. Bb3
Qe7 9. Nbd2 Be6 10. Nc4 O-O-O 11. Re1 Kb8 12. a4 Bxc4 13. Bxc4 a5 14. Qb3 g5
15. Nh2 Rdf8 16. Qd1 Rfg8 17. Be3 Bxe3 18. fxe3 g4 19. hxg4 h5 20. gxh5 Rxh5
21. Qf3 Rgh8 22. Nf1 d5 23. Bxd5 Nxd5 24. exd5 e4 25. Qxe4 Ne5 26. d4 Rh1+ 27.
Kf2 Qf6+ 28. Ke2 Qa6+ 29. Kd2 Nc4+ 30. Kc2 Nd6 31. Qd3 Qb6 32. Nd2 R1h2 33. Re2
c5 34. Nc4 Nxc4 35. Qxc4 Qg6+ 36. e4 Rxg2 37. dxc5 Rh4 38. Rxg2 Qxg2+ 39. Kb3
Rxe4 40. Qf1 Qd2 41. Rd1 Qh2 42. Qf6 1-0

[Event "RA Fall op"]
[Site "Ottawa CAN"]
[Date "2016.09.22"]
[Round "2"]
[White "Gordon, David"]
[Black "Rodrigue-Lemieux, Shawn"]
[Result "1-0"]
[WhiteElo "2237"]
[BlackElo "1753"]
[PlyCount "105"]
[EventDate "2016.09.21"]
[EventType "swiss"]
[EventRounds "5"]
[EventCountry "CAN"]

1. d4 d5 2. Bf4 Nf6 3. e3 e6 4. Nf3 Be7 5. Bd3 O-O 6. O-O b6 7. Ne5 Bb7 8. Qf3
Nbd7 9. Qh3 Re8 10. Nd2 g6 11. Ndf3 Nxe5 12. Nxe5 Nh5 13. Bh6 Bf8 14. Bxf8 Rxf8
15. g4 Ng7 16. Qh6 f5 17. h3 Qe7 18. f4 Ne8 19. c3 Nd6 20. Kg2 Nf7 21. Nxf7
Rxf7 22. g5 c5 23. Rh1 Bc6 24. h4 Qf8 25. Qxf8+ Rfxf8 26. h5 Kg7 27. Rh4 Rab8
28. a3 Rfc8 29. Kf2 a5 30. Rah1 Rh8 31. hxg6 hxg6 32. Rxh8 Rxh8 33. Rxh8 Kxh8
34. dxc5 bxc5 35. b4 c4 36. Be2 Kg7 37. bxa5 Kf7 38. a6 e5 39. fxe5 Ke6 40. Kg3
Kxe5 41. Bf3 Ba8 42. a4 Bc6 43. a5 Ba8 44. a7 Bb7 45. a6 Bc6 46. Kf2 Kd6 47.
Bd1 Kc5 48. Bh5 Kb6 49. Bxg6 Kxa7 50. Bxf5 Kxa6 51. Be6 Be8 52. Bxd5 Kb5 53. e4
1-0

[Event "RA Fall op"]
[Site "Ottawa CAN"]
[Date "2016.09.23"]
[Round "3"]
[White "Rodrigue-Lemieux, Shawn"]
[Black "Collins, Chris"]
[Result "1/2-1/2"]
[WhiteElo "1753"]
[BlackElo "2075"]
[PlyCount "55"]
[EventDate "2016.09.21"]
[EventType "swiss"]
[EventRounds "5"]
[EventCountry "CAN"]

1. e4 e5 2. Nf3 Nc6 3. Bc4 Bc5 4. c3 Qe7 5. O-O Nf6 6. d3 O-O 7. Bg5 d6 8. Nbd2
a6 9. Re1 Na5 10. b4 Nxc4 11. Nxc4 Ba7 12. Ne3 c6 13. Nh4 Bxe3 14. fxe3 h6 15.
Bxf6 Qxf6 16. g3 Qg5 17. Qe2 f5 18. exf5 Bxf5 19. Nxf5 Rxf5 20. Rf1 Raf8 21.
Rxf5 Qxf5 22. Rf1 Qxf1+ 23. Qxf1 Rxf1+ 24. Kxf1 Kf7 25. Ke2 Kf6 26. Kf3 Kf5 27.
g4+ Ke6 28. a4 1/2-1/2

[Event "RA Fall op"]
[Site "Ottawa CAN"]
[Date "2016.09.23"]
[Round "4"]
[White "Yao, Sammy"]
[Black "Rodrigue-Lemieux, Shawn"]
[Result "0-1"]
[WhiteElo "2083"]
[BlackElo "1753"]
[PlyCount "104"]
[EventDate "2016.09.21"]
[EventType "swiss"]
[EventRounds "5"]
[EventCountry "CAN"]

1. c4 Nf6 2. g3 e6 3. Bg2 Be7 4. Nc3 O-O 5. e4 c6 6. Nge2 b6 7. O-O Bb7 8. e5
Ne8 9. d4 d5 10. cxd5 cxd5 11. f4 f5 12. g4 g6 13. gxf5 gxf5 14. Rf3 Nc6 15.
Rh3 Nc7 16. Ng3 Nxd4 17. Qh5 Rf7 18. Bd2 Qe8 19. Kh1 Rg7 20. Qd1 Rc8 21. Be3
Nc6 22. Nce2 Kh8 23. Bf3 Qd7 24. Nd4 Nxd4 25. Bxd4 Nb5 26. Nh5 Nxd4 27. Qxd4
Rg6 28. Nf6 Bxf6 29. exf6 Qf7 30. Qf2 Qxf6 31. Re1 Rc4 32. Bg2 Qg7 33. Rg3 Rxg3
34. hxg3 Qh6+ 35. Kg1 Kg7 36. Qe2 Kf7 37. Qe5 Rc8 38. Qd6 Qf6 39. Bf3 Qg6 40.
Bh5 Qxh5 41. Qd7+ Kg8 42. Qxb7 Rc2 43. Qb8+ Kf7 44. Qxa7+ Kf6 45. Rxe6+ Kxe6
46. Qxb6+ Kf7 47. Qb7+ Kf6 48. Qb6+ Ke7 49. Qb7+ Kd6 50. Qb6+ Rc6 51. Qb4+ Ke6
52. Qe1+ Kf7 0-1

[Event "Ligue elite du dimanche 2016-17"]
[Site "Montreal CAN"]
[Date "2016.09.18"]
[Round "1"]
[White "Rodrigue-Lemieux, Shawn"]
[Black "Zhu, Hong Rui"]
[Result "1/2-1/2"]
[WhiteElo "2105"]
[BlackElo "2285"]
[Annotator "Lefong Hua"]
[PlyCount "114"]
[EventDate "2016.09.18"]
[EventType "team"]
[EventRounds "5"]
[EventCountry "CAN"]

1. e4 c5 2. Nf3 g6 3. c3 Bg7 4. Bc4 e6 5. O-O Ne7 6. d4 cxd4 7. cxd4 d5 8. exd5
exd5 9. Be2 O-O 10. Be3 Nbc6 11. Nc3 Nf5 12. Bb5 Qd6 13. Qd2 Nxe3 14. fxe3 Re8
15. Rae1 Bf5 16. Qf2 Re7 17. Nh4 Bg4 18. Qf4 Qxf4 19. Rxf4 Be6 20. Rff1 Rc8 21.
Nf3 h6 22. Rc1 Rec7 23. Kf2 Ne7 24. Bd3 a6 25. Ke2 b5 26. Kd2 Nc6 27. Ne2 Na5
28. b3 Kf8 29. Nf4 Ke7 30. Ng1 Nc6 31. Nge2 Nb4 32. Bb1 Kd6 33. Nd3 Nxd3 34.
Bxd3 Rxc1 35. Rxc1 Rxc1 36. Nxc1 Kc6 37. Bc2 Bf8 38. Nd3 Bd6 39. Nf4 Bd7 40. h3
g5 41. Nd3 a5 42. Nf2 f5 43. Bd1 Be8 44. Bc2 Bd7 45. Bd1 Bb4+ 46. Ke2 Be8 47.
Bc2 Bh5+ 48. g4 fxg4 49. hxg4 Be8 50. Bf5 h5 51. gxh5 Bxh5+ 52. Ng4 Bd6 53. Kd3
Be8 54. Nf6 Bf7 55. Ng4 Be8 56. Nf6 Bf7 57. Ng4 Be8 1/2-1/2

[Event "Ligue elite du dimanche 2016-17"]
[Site "Montreal CAN"]
[Date "2016.10.02"]
[Round "3"]
[White "Luo, Zhao"]
[Black "Rodrigue-Lemieux, Shawn"]
[Result "1-0"]
[WhiteElo "2073"]
[BlackElo "2110"]
[PlyCount "67"]
[EventDate "2016.09.18"]
[EventType "team"]
[EventRounds "5"]
[EventCountry "CAN"]

1. d4 d5 2. Nf3 c6 3. Bf4 Nf6 4. e3 g6 5. Be2 Bg7 6. O-O Nbd7 7. h3 Ne4 8. c4
dxc4 9. Qc2 Nb6 10. a4 Bf5 11. g4 Nxf2 12. gxf5 Nxh3+ 13. Kh2 Nxf4 14. exf4 Qd6
15. Qd2 gxf5 16. Nc3 Rg8 17. Kh1 Qh6+ 18. Nh2 O-O-O 19. a5 Rd6 20. axb6 Bxd4
21. Bd1 Bg1 22. bxa7 Rxd2 23. a8=Q+ Kc7 24. Nb5+ cxb5 25. Qa5+ Qb6 26. Qxd2
Bxh2 27. Qxh2 Rg6 28. Bh5 Qc6+ 29. Bf3 Qb6 30. Qf2 Rh6+ 31. Kg1 Qg6+ 32. Bg2
Qh5 33. Qc5+ Kb8 34. Ra8+ 1-0

[Event "Ligue elite du dimanche 2016-17"]
[Site "Montreal CAN"]
[Date "2016.11.06"]
[Round "4"]
[White "Rodrigue-Lemieux, Shawn"]
[Black "Yao, Houji"]
[Result "1-0"]
[WhiteElo "2128"]
[BlackElo "2028"]
[PlyCount "113"]
[EventDate "2016.09.18"]
[EventType "team"]
[EventRounds "5"]
[EventCountry "CAN"]

1. e4 c5 2. Nf3 e6 3. c3 Nf6 4. Bd3 Nc6 5. Bc2 d5 6. e5 Nd7 7. d4 Be7 8. O-O b6
9. Bf4 Ba6 10. Re1 cxd4 11. Nxd4 Rc8 12. Nxc6 Rxc6 13. Qg4 g5 14. Bc1 h5 15.
Qf3 Qc7 16. Qe3 Rg8 17. Nd2 Bc5 18. Qh3 h4 19. Nb3 Nxe5 20. Nxc5 Rxc5 21. Be3
Rc4 22. Bd4 Ng6 23. Bb3 Nf4 24. Qg4 Rxd4 25. cxd4 Kf8 26. Qd1 g4 27. Qd2 g3 28.
fxg3 hxg3 29. h3 Qd6 30. Re3 Rh8 31. Rf3 Rh4 32. Re1 f6 33. a3 Kf7 34. Qe3 Nd3
35. Qg5 Rf4 36. Qh5+ Ke7 37. Qh7+ Kd8 38. Rxd3 Bxd3 39. Qxd3 f5 40. Bd1 Rf2 41.
Bf3 Qf4 42. Qe3 Qxe3 43. Rxe3 Rxb2 44. Be2 Ke7 45. Bf1 f4 46. Rf3 Ra2 47. h4
Ra1 48. Rxf4 Rxa3 49. h5 Rc3 50. h6 Rc8 51. h7 Rh8 52. Bd3 b5 53. Bg6 a5 54.
Rf7+ Kd6 55. Rg7 Rc8 56. Kf1 a4 57. Rg8 1-0

[Event "Montreal op"]
[Site "Montreal CAN"]
[Date "2016.09.09"]
[Round "1.24"]
[White "Rodrigue-Lemieux, Shawn"]
[Black "Martin, Steve"]
[Result "1-0"]
[WhiteElo "2150"]
[BlackElo "1915"]
[PlyCount "83"]
[EventDate "2016.09.09"]
[EventType "swiss"]
[EventRounds "5"]
[EventCountry "CAN"]

1. e4 d5 2. exd5 Nf6 3. Bb5+ Bd7 4. Bc4 Bg4 5. f3 Bf5 6. Nc3 c6 7. dxc6 Nxc6 8.
Nge2 e5 9. O-O Bc5+ 10. Kh1 O-O 11. d3 h6 12. Ne4 Bb6 13. N2c3 Bxe4 14. fxe4
Qe7 15. Nd5 Nxd5 16. Bxd5 Qh4 17. Bd2 Rad8 18. c3 Ne7 19. Bc4 Kh8 20. Qe1 Qh5
21. Qg3 Rd6 22. Qf3 Qh4 23. g3 Qh3 24. g4 Qxf3+ 25. Rxf3 f6 26. Kg2 Rc8 27. Rd1
g5 28. Kf1 Kg7 29. Ke2 a5 30. Be1 Ng6 31. Bg3 Nf4+ 32. Bxf4 exf4 33. Bd5 Rc7
34. d4 h5 35. h3 Re7 36. Kd3 Bc7 37. c4 Rb6 38. b3 a4 39. c5 Rb4 40. a3 Rb5 41.
b4 b6 42. Kc4 1-0

[Event "Montreal op"]
[Site "Montreal CAN"]
[Date "2016.09.10"]
[Round "2.5"]
[White "Yu, Zong Yang"]
[Black "Rodrigue-Lemieux, Shawn"]
[Result "1-0"]
[WhiteElo "2407"]
[BlackElo "2150"]
[PlyCount "89"]
[EventDate "2016.09.09"]
[EventType "swiss"]
[EventRounds "5"]
[EventCountry "CAN"]

1. Nf3 e6 2. g3 b6 3. Bg2 Bb7 4. O-O Be7 5. c4 Nf6 6. Nc3 O-O 7. d4 c5 8. d5 d6
9. dxe6 fxe6 10. Bh3 e5 11. Ng5 Qe8 12. e3 Qg6 13. Ne6 Rc8 14. f4 Nbd7 15. f5
Qf7 16. Qe2 h6 17. e4 Nf8 18. Nxf8 Bxf8 19. Bg2 Be7 20. Be3 Rd8 21. b3 Nd7 22.
h4 Rac8 23. Rad1 Nf8 24. Bf3 Bf6 25. Nb5 Qe7 26. Nxa7 Ra8 27. Nb5 Bc6 28. Nc3
Kh7 29. Kg2 g5 30. fxg6+ Nxg6 31. Rh1 Rg8 32. Kf1 Raf8 33. Bf2 Bg7 34. Rh2 Qf6
35. Bg4 Ne7 36. Kg1 Bh8 37. Nd5 Bxd5 38. cxd5 Qg6 39. Be6 Rg7 40. Rg2 h5 41.
Be3 b5 42. Bg5 Qe8 43. Rf2 Rxf2 44. Kxf2 b4 45. Kg2 1-0

[Event "Montreal op"]
[Site "Montreal CAN"]
[Date "2016.09.11"]
[Round "4.19"]
[White "Fan, Run Kun"]
[Black "Rodrigue-Lemieux, Shawn"]
[Result "0-1"]
[WhiteElo "1961"]
[BlackElo "2150"]
[PlyCount "118"]
[EventDate "2016.09.09"]
[EventType "swiss"]
[EventRounds "5"]
[EventCountry "CAN"]

1. Nf3 e6 2. c4 b6 3. g3 Bb7 4. Bg2 Be7 5. Nc3 Nf6 6. O-O O-O 7. b3 c5 8. Bb2
a6 9. Re1 d5 10. cxd5 exd5 11. d4 Nbd7 12. e3 Re8 13. Rc1 Bf8 14. Re2 Ne4 15.
dxc5 Nxc3 16. Bxc3 bxc5 17. Rd2 a5 18. Ne1 Nb6 19. Nd3 Bd6 20. Qg4 g6 21. Nf4
f5 22. Qd1 Bxf4 23. gxf4 Qd7 24. Be5 Rac8 25. Rdc2 Qe7 26. Qd2 a4 27. Qa5 axb3
28. axb3 Nd7 29. Bd4 cxd4 30. Bxd5+ Kg7 31. Bxb7 Rxc2 32. Rxc2 dxe3 33. Qe1 Nf6
34. Bf3 exf2+ 35. Qxf2 Qe3 36. Bc6 Qxf2+ 37. Rxf2 Rb8 38. Bf3 Rxb3 39. Kg2 h6
40. Ra2 g5 41. fxg5 hxg5 42. h3 Kg6 43. Re2 Rb6 44. Ra2 Nd7 45. Rd2 Ne5 46. Be2
Kf6 47. Kf2 Ng6 48. Bf3 Nf4 49. Kg3 Rb3 50. Rf2 Ke5 51. Rf1 Ne2+ 52. Kg2 Nc3
53. Rf2 Ne4 54. Ra2 Kf4 55. Bxe4 fxe4 56. Re2 Rg3+ 57. Kh2 Rd3 58. Kg2 e3 59.
h4 Rd2 0-1

[Event "Montreal op"]
[Site "Montreal CAN"]
[Date "2016.09.11"]
[Round "5.16"]
[White "Rodrigue-Lemieux, Shawn"]
[Black "Allard, Laurent"]
[Result "1/2-1/2"]
[WhiteElo "2150"]
[BlackElo "2049"]
[PlyCount "86"]
[EventDate "2016.09.09"]
[EventType "swiss"]
[EventRounds "5"]
[EventCountry "CAN"]

1. e4 c5 2. Nf3 d6 3. d4 cxd4 4. Qxd4 Nc6 5. Bb5 Bd7 6. Bxc6 Bxc6 7. Nc3 Nf6 8.
Bg5 e6 9. O-O-O Be7 10. Qd3 Qc7 11. Kb1 O-O 12. h4 Rfd8 13. Rde1 Rac8 14. Nd4
a6 15. f4 b5 16. f5 Bd7 17. Nd1 Qc4 18. Ne3 Qxd3 19. cxd3 h6 20. Bxf6 Bxf6 21.
Nf3 exf5 22. Nxf5 Be6 23. g4 Rd7 24. g5 Bd8 25. Rhg1 hxg5 26. hxg5 g6 27. N5d4
Bb6 28. Rh1 Bxd4 29. Nxd4 Rc5 30. Reg1 Rdc7 31. Rh2 Bc8 32. Rgh1 Rxg5 33. Rh8+
Kg7 34. R8h7+ Kf8 35. Rh8+ Ke7 36. Rf1 Rh5 37. Rxh5 gxh5 38. Ne2 Bg4 39. Nf4
Rc8 40. Nd5+ Kf8 41. Rg1 Be2 42. Nf4 Bg4 43. Nd5 Be2 1/2-1/2

[Event "Mercredi 2016.08.31 ABCD"]
[Site "Montreal CAN"]
[Date "2016.08.31"]
[Round "1"]
[White "Rodrigue-Lemieux, Shawn"]
[Black "Brassard, Sylvain"]
[Result "0-1"]
[WhiteElo "2141"]
[BlackElo "1873"]
[PlyCount "90"]
[EventDate "2016.08.31"]
[EventType "tourn"]
[EventRounds "5"]
[EventCountry "CAN"]

1. e4 Nf6 2. Nc3 d5 3. exd5 Nxd5 4. Nf3 Nxc3 5. bxc3 e6 6. d4 c5 7. Bd3 cxd4 8.
cxd4 Bb4+ 9. Bd2 Qa5 10. O-O Bxd2 11. Qxd2 Qxd2 12. Nxd2 Nc6 13. Nf3 O-O 14.
Rab1 b6 15. Rfd1 Rd8 16. Be4 Bb7 17. c4 Rab8 18. h4 h6 19. Rb2 Na5 20. Bxb7
Rxb7 21. Rc2 Rc7 22. Rdc1 Rdc8 23. Nd2 Nc6 24. Nf3 Nb4 25. Rd2 Rxc4 26. Rxc4
Rxc4 27. Kf1 Rc2 28. Rxc2 Nxc2 29. Ke2 Nb4 30. a3 Nd5 31. Ne5 Kf8 32. g3 Ke8
33. Kd3 f6 34. Nf3 g5 35. Nh2 Kd7 36. h5 f5 37. Nf3 Nf6 38. Ne5+ Kd6 39. Kc4 a6
40. Nf7+ Ke7 41. Ne5 Nxh5 42. Nc6+ Kd6 43. Nb8 f4 44. gxf4 Nxf4 45. Nxa6 Nd5
0-1

[Event "Mercredi 2016.08.31 ABCD"]
[Site "Montreal CAN"]
[Date "2016.09.07"]
[Round "2"]
[White "Rodrigue-Lemieux, Shawn"]
[Black "Boudreau, Daniel"]
[Result "0-1"]
[WhiteElo "2141"]
[BlackElo "2111"]
[PlyCount "96"]
[EventDate "2016.08.31"]
[EventType "tourn"]
[EventRounds "5"]
[EventCountry "CAN"]

1. e4 c5 2. Nf3 e6 3. d3 Nc6 4. Nbd2 d6 5. g3 g6 6. Bg2 Bg7 7. O-O Nge7 8. c3
O-O 9. Nb3 f5 10. Re1 Qc7 11. a4 Bd7 12. Bd2 Rf7 13. Ng5 Rf6 14. f4 h6 15. Nf3
fxe4 16. dxe4 e5 17. Be3 b6 18. Qd2 Kh7 19. Red1 Rd8 20. fxe5 dxe5 21. Qe2 Be6
22. Nbd2 Rdf8 23. h3 Qc8 24. Kh2 g5 25. Rf1 Ng6 26. Rac1 g4 27. Ng1 Nf4 28.
gxf4 exf4 29. Bf2 g3+ 30. Kh1 gxf2 31. Rxf2 Ne5 32. Ngf3 Nxf3 33. Rxf3 Rg6 34.
Rcf1 Be5 35. b3 Rfg8 36. R1f2 Rg3 37. Nf1 R3g5 38. Qc2 Rh5 39. Nh2 Bxh3 40.
Bxh3 Rxh3 41. Rg2 Rgg3 42. Rff2 f3 43. Rg1 Qg4 44. Qd1 Rxg1+ 45. Qxg1 Qxe4 46.
Qd1 Rxh2+ 47. Rxh2 f2+ 48. Rg2 Qe1+ 0-1

[Event "Mercredi 2016.08.31 ABCD"]
[Site "Montreal CAN"]
[Date "2016.09.14"]
[Round "3"]
[White "Jacquet, Stephane"]
[Black "Rodrigue-Lemieux, Shawn"]
[Result "1/2-1/2"]
[WhiteElo "2050"]
[BlackElo "2141"]
[PlyCount "108"]
[EventDate "2016.08.31"]
[EventType "tourn"]
[EventRounds "5"]
[EventCountry "CAN"]

1. d4 d5 2. Nf3 e6 3. c4 Nf6 4. cxd5 exd5 5. Qc2 h6 6. Bf4 Bd6 7. Bxd6 Qxd6 8.
e3 O-O 9. Bd3 Nbd7 10. O-O c5 11. Nc3 a6 12. a4 Re8 13. Rfd1 c4 14. Bf5 Nf8 15.
Ne5 Be6 16. f4 b6 17. Kh1 Bxf5 18. Qxf5 Qe6 19. g4 Rab8 20. h4 Qxf5 21. gxf5
Rb7 22. Rd2 Rd8 23. Rg2 Ne8 24. Nc6 Rd6 25. Nb4 Nc7 26. Rag1 g6 27. h5 a5 28.
Nc2 Kh7 29. Na3 Rf6 30. fxg6+ fxg6 31. Nab5 Nxb5 32. axb5 Rd7 33. hxg6+ Nxg6
34. Rg3 Rf5 35. R1g2 Rd6 36. Kg1 Re6 37. Kf2 Kg7 38. Nxd5 Rxd5 39. e4 Rxd4 40.
f5 Rd2+ 41. Ke3 Rd3+ 42. Kf2 Rxg3 43. Rxg3 Rf6 44. Ke3 Rd6 45. Rg1 Kf7 46.
fxg6+ Rxg6 47. Rf1+ Ke7 48. Rf2 Rg5 49. Kd4 Rxb5 50. Kxc4 Rc5+ 51. Kd4 Rc1 52.
Rh2 Rc6 53. e5 Rg6 54. Kd5 Kd7 1/2-1/2

[Event "Mercredi 2016.08.31 ABCD"]
[Site "Montreal CAN"]
[Date "2016.09.21"]
[Round "4"]
[White "Rodrigue-Lemieux, Shawn"]
[Black "Keesal, Sheldon"]
[Result "1-0"]
[WhiteElo "2141"]
[BlackElo "2004"]
[PlyCount "49"]
[EventDate "2016.08.31"]
[EventType "tourn"]
[EventRounds "5"]
[EventCountry "CAN"]

1. e4 e6 2. d4 d5 3. Nd2 c5 4. Ngf3 cxd4 5. exd5 Qxd5 6. Bc4 Qd8 7. O-O Nf6 8.
Nb3 Be7 9. Nbxd4 O-O 10. Re1 Qc7 11. Qe2 a6 12. a4 Re8 13. Ne5 Bd6 14. Bf4 Nbd7
15. Nxf7 Bxf4 16. Nxe6 Qb6 17. Qf3 Bd2 18. Re2 Qxb2 19. Rd1 Qc3 20. Nd6 Ne5 21.
Qxc3 Bxc3 22. Nxe8 Nxe8 23. Rd8 Nxc4 24. Ng5 Ncd6 25. Rexe8+ 1-0

[Event "Mercredi 2016.08.31 ABCD"]
[Site "Montreal CAN"]
[Date "2016.09.28"]
[Round "5"]
[White "Nunez, Omar"]
[Black "Rodrigue-Lemieux, Shawn"]
[Result "0-1"]
[WhiteElo "1956"]
[BlackElo "2137"]
[PlyCount "56"]
[EventDate "2016.08.31"]
[EventType "tourn"]
[EventRounds "5"]
[EventCountry "CAN"]

1. e4 c6 2. d3 d5 3. Nd2 g6 4. g3 Bg7 5. Bg2 e5 6. Ne2 Be6 7. O-O Ne7 8. f4 Nd7
9. Nf3 dxe4 10. Ng5 Qb6+ 11. Kh1 exd3 12. Nxe6 fxe6 13. Qxd3 Rd8 14. fxe5 Nxe5
15. Qe4 Nf5 16. Bg5 Rd7 17. Nf4 h6 18. Nxg6 hxg5 19. Nxh8 Bxh8 20. Bh3 Rd4 21.
Qe2 g4 22. c3 Rd3 23. Bxg4 Re3 24. Bh5+ Ke7 25. Qg2 Qb5 26. Rad1 Bf6 27. Rde1
Nd3 28. Rxe3 Nxe3 0-1

[Event "NAYCC U16"]
[Site "Windsor CAN"]
[Date "2016.08.07"]
[Round "1.37"]
[White "Fan, Run Kun"]
[Black "Rodrigue-Lemieux, Shawn"]
[Result "1/2-1/2"]
[WhiteElo "1890"]
[BlackElo "2044"]
[PlyCount "30"]
[EventDate "2016.08.07"]
[EventType "swiss"]
[EventRounds "9"]
[EventCountry "CAN"]

1. c4 e6 2. Nf3 d5 3. b3 c6 4. g3 f5 5. Ba3 Bxa3 6. Nxa3 Nf6 7. Nc2 O-O 8. Bg2
Nbd7 9. d4 Ne4 10. O-O Rf6 11. Ne3 g5 12. Ne5 Nxe5 13. dxe5 Rf8 14. Bxe4 fxe4
15. Ng4 h5 1/2-1/2